Culture Générale - Série 777 - Statistiques

Statistiques générales
  • Ce quiz a été pris 186 fois
  • Le résultat moyen est 5 sur 10
Statistiques - réponses
Question Réponse % Correct
L'archipel partagé entre le Chili et l'Argentine à l'extrême sud du continent sud-américain est appelé la Terre de... feu
86%
Elle a permis à Champollion de déchiffrer les hiéroglyphes, c'est la pierre de ... Rosette
75%
Comment appelle-t-on la grande espèce de ruminant domestique à longue toison de l'Himalaya ? yak
72%
En France, quel homme politique socialiste a été Premier ministre de 1997 à 2002 ? Lionel Jospin
71%
Quel animal est un mâtin ? chien
59%
Dans quel pays européen se trouve la ville de Cluj-Napoca ? Roumanie
53%
Dans la mythologie grecque, comment se nomme la muse de la Poésie ? Erato
36%
En poésie, comment nomme-t-on le berger ? pâtre
33%
Quelle ville du Finistère considère-t-on comme la capitale de l'huître "belon" ? Riec
8%
Quelle était l'ancienne monnaie de la Lettonie ? lat
1%
Aucun quiz correspondant
Distribution des résultats
% des personnes avec chaque résultat
Percentile par nombre de réponses
Votre historique - résultats
Vous n’avez pas pris ce quiz